01671nam a2200337 a 4500001001000000003000900010005001700019007000300036008003700039020001800076040003000094082002700124245012900151264003600280300002900316336002700345337003300372338002800405500005600433520033500489650008200824650007800906650002400984650004301008650002601051700004701077710006701124710003701191710006801228710003701296000037967DO-SdBPM20251121101457.0ta130311s2012 dr 001 0 spa d a9789945486230 aDO-SdBPMbspacBPMSUdrda 4a107.1bD431a 201222203aEl derecho a la filosofía :besbozo de una estrategia para su implementación en el país /ceditor Luis O. Brea Franco. aSanto Domingo :bCONARE,c2012. a190 páginas ;c25 cm. atextobtxt2rdacontent asin mediaciónbn2rdamedia avolumenbnc2rdacarrier aIncluye bibliografía y notas al pie de páginas. aSe presentan las actividades y ponencias presentadas durante el debate realizado en el año 2005 para dilucidar el tema del Desarrollo del pensamiento crítico en la enseñanza de la Filosofía en la República Dominicana y su reintroducción en todos los niveles de currículo de la enseñanza básica, media y superior. 7aFilosofíaxEnseñanzazRepública DominicanavEnsayos, conferencias, etc. 7aEducación y EstadozRepública DominicanavEnsayos, conferencias, etc.z aEducation and statez aEducación xPolítica gubernamentalz a Política educativa1 aNuñez Polanco, Diómedesd1952-eeditor1 aRepública Dominicana. Consejo Nacional de Reforma del Estadoz aRepública Dominicana. bCONAREz aConsejo Nacional de Reforma del Estado (República Dominicana)z aCONARE (República Dominicana)